Marvel Heroes' Real Names A-Z by Picture - Statistics

General Stats
  • This quiz has been taken 42 times
  • The average score is 14 of 26
Answer Stats
Picture Answer % Correct
Anthony "Tony" Stark
100%
Bruce Banner
100%
Peter Parker
95%
Charles Xavier
92%
Logan/James Howlett
92%
T'Challa
87%
Wade Wilson
87%
Steven Rogers
82%
Reed Richards
79%
Jonathan "Johnny" Storm
77%
Natalia Romanova
77%
Matthew "Matt" Murdock
72%
Katherine "Kitty" Pryde
62%
Henry "Hank" Pym
59%
Daniel "Danny" Rand
56%
Ororo Munroe
56%
Yelena Belova
51%
Elektra Natchios
28%
Ulysses Bloodstone
15%
Quintavius "Quentin" Quire
10%
Gabrielle Kinney
8%
Victor Mancha
8%
Faiza Hussain
5%
Isabel Kane
5%
Zheng Shang-Chi
5%
Xuan Cao Manh
3%
No matching quizzes found
Score Distribution
Percent of People with Each Score
Percentile by Number Answered
Your Score History
You have not taken this quiz